[Event "Memorial Nicola Palladino A"]
[Site "Milano ITA"]
[Date "2013.03.28"]
[Round "1"]
[White "Baltzopoulos, Giorgos"]
[Black "Cazzaniga, Walter"]
[WhiteElo "1969"]
[BlackElo "2139"]
[Result "0-1"]
[PlyCount "110"]
[EventDate "2013.03.28"]

1. d4 Nf6 2. c4 g6 3. Nc3 Bg7 4. e4 d6 5. Be2 O-O 6. Nf3 e5 7. O-O Nc6 8. d5
Ne7 9. b4 Ne8 10. c5 f5 11. Ng5 fxe4 12. Bg4 Nf5 13. Ncxe4 h6 14. Ne6 Bxe6 15.
dxe6 Qe7 16. Qb3 Rd8 17. Rd1 Nd4 18. cxd6 Nxd6 19. Rxd4 exd4 20. Nc5 b6 21. Nd7
Rf5 22. Bxf5 Nxf5 23. Bf4 Re8 24. Re1 Kh7 25. Qc4 d3 26. Qxd3 Qxb4 27. Bd2 Qd4
28. Qe2 c5 29. Rc1 Qd5 30. Re1 Nd4 31. Qg4 Rxe6 32. Rxe6 Qxe6 33. Qxe6 Nxe6 34.
Kf1 g5 35. Ke2 Kg6 36. Kd3 Kf5 37. Kc4 Nc7 38. a4 Ke6 39. Nb8 Bd4 40. f3 a6 41.
h4 b5+ 42. Kb3 c4+ 43. Ka2 c3 44. Bc1 Bf6 45. Kb3 bxa4+ 46. Kxa4 Kd5 47. Ka5
Kc4 48. Nxa6 Nxa6 49. Kxa6 Kd3 50. hxg5 hxg5 51. g4 c2 52. f4 gxf4 53. Bxf4 Bc3
54. Bc1 Bd2 55. Bb2 Kc4 0-1

[Event "Memorial Nicola Palladino A"]
[Site "Milano ITA"]
[Date "2013.03.28"]
[Round "1"]
[White "Bemporad, Filippo"]
[Black "Mondal, Prince"]
[WhiteElo "2055"]
[BlackElo "1934"]
[Result "1-0"]
[PlyCount "99"]
[EventDate "2013.03.28"]

1. d4 Nf6 2. Nf3 g6 3. c4 c5 4. Nc3 cxd4 5. Nxd4 Nc6 6. e4 d6 7. Be2 Bg7 8. Be3
O-O 9. O-O Bd7 10. Rc1 Qa5 11. f3 Rfc8 12. Qd2 Nxd4 13. Bxd4 Bc6 14. Rfd1 Nd7
15. Bxg7 Kxg7 16. b3 a6 17. Bf1 b5 18. cxb5 axb5 19. Nxb5 Qxa2 20. Qc3+ Nf6 21.
Ra1 Bxb5 22. Rxa2 Rxc3 23. Rxa8 Rxb3 24. Ra7 Bxf1 25. Kxf1 Ng8 26. Rd2 Rb8 27.
Kf2 Kf6 28. Rda2 Ke6 29. g4 h6 30. Ra8 Rxa8 31. Rxa8 Nf6 32. Ke3 Kd7 33. h3 e5
34. Kd3 h5 35. Ke3 hxg4 36. hxg4 g5 37. Kd3 Ke7 38. Kc4 Ke6 39. Ra7 Ne8 40. Kb5
Nf6 41. Kc6 Ng8 42. Kc7 Nf6 43. Kd8 Ng8 44. Ke8 Nf6+ 45. Kf8 Nd7+ 46. Rxd7 Kxd7
47. Kxf7 d5 48. exd5 Kd6 49. Kf6 Kxd5 50. Kxg5 1-0

[Event "Memorial Nicola Palladino A"]
[Site "Milano ITA"]
[Date "2013.03.28"]
[Round "1"]
[White "Bozzali, Ermanno"]
[Black "Gemelli, Giovanni"]
[WhiteElo "2041"]
[BlackElo "1882"]
[Result "1-0"]
[PlyCount "79"]
[EventDate "2013.03.28"]

1. Nf3 Nf6 2. c4 g6 3. Nc3 Bg7 4. e4 d6 5. d4 O-O 6. Be2 e5 7. O-O Nc6 8. d5
Ne7 9. b4 Nh5 10. Re1 f5 11. Nd2 Nf6 12. Bf1 fxe4 13. Ndxe4 Nf5 14. a4 Nd4 15.
Ra3 Bf5 16. f3 Bxe4 17. Nxe4 Nxe4 18. Rxe4 a5 19. bxa5 Rxa5 20. Bd2 Ra7 21. a5
Qd7 22. Bc3 b6 23. Bd3 bxa5 24. Qe1 Bf6 25. Rxa5 Rxa5 26. Bxa5 Rb8 27. Bc3 Nb3
28. Bc2 Nc5 29. Rg4 Kg7 30. Qg3 Qf7 31. h4 Re8 32. h5 e4 33. Rf4 Nd7 34. Bxe4
Ne5 35. Rxf6 Qxf6 36. f4 Kf7 37. fxe5 dxe5 38. c5 Kg7 39. Bd2 Rd8 40. Bg5 1-0

[Event "Memorial Nicola Palladino A"]
[Site "Milano ITA"]
[Date "2013.03.28"]
[Round "1"]
[White "Cocconcelli, Lorenzo"]
[Black "Gagliardi, Christian"]
[WhiteElo "2012"]
[BlackElo "2206"]
[Result "1/2-1/2"]
[PlyCount "66"]
[EventDate "2013.03.28"]

1. d4 g6 2. c4 Bg7 3. Nc3 c5 4. e3 Nf6 5. Nf3 O-O 6. Be2 cxd4 7. exd4 d5 8. O-O
Nc6 9. Ne5 dxc4 10. Nxc6 bxc6 11. Bxc4 Nd5 12. Nxd5 cxd5 13. Bb3 Ba6 14. Re1 e6
15. Be3 Qa5 16. Bd2 Qb6 17. Be3 Rfc8 18. Qd2 Bc4 19. Bxc4 Rxc4 20. b3 Rc6 21.
Rac1 Rac8 22. Rc5 Bf8 23. Rxc6 Qxc6 24. Rc1 Qxc1+ 25. Qxc1 Rxc1+ 26. Bxc1 Bg7
27. Be3 Kf8 28. Kf1 Ke8 29. Ke2 Kd7 30. Kd3 Kc6 31. Bd2 Bf8 32. a4 f6 33. f4 a6
1/2-1/2

[Event "Memorial Nicola Palladino A"]
[Site "Milano ITA"]
[Date "2013.03.28"]
[Round "1"]
[White "Guidi, Paolo"]
[Black "Galli, Fabio"]
[WhiteElo "1900"]
[BlackElo "2051"]
[Result "0-1"]
[PlyCount "98"]
[EventDate "2013.03.28"]

1. Nf3 d5 2. d4 c6 3. e3 Bg4 4. h3 Bxf3 5. Qxf3 Nf6 6. c4 e6 7. Bd3 Bd6 8. O-O
O-O 9. Nc3 Nbd7 10. a3 a6 11. Bd2 Rc8 12. b4 dxc4 13. Bxc4 e5 14. Bb3 Qe7 15.
dxe5 Nxe5 16. Qe2 c5 17. f4 Nc6 18. b5 axb5 19. Nxb5 Nd4 20. Qd3 Nxb3 21. Nxd6
Rcd8 22. Qxb3 Rxd6 23. Rad1 Rfd8 24. Bc1 h6 25. Rxd6 Rxd6 26. Rd1 c4 27. Qc2
Qe4 28. Qe2 Rxd1+ 29. Qxd1 Nd5 30. Qd4 Qc2 31. Qxd5 Qxc1+ 32. Kh2 Qc2 33. Qxb7
c3 34. e4 g6 35. Qb8+ Kh7 36. Qc7 Qb3 37. e5 Kg8 38. Qc8+ Kg7 39. e6 fxe6 40.
Qd7+ Kf8 41. Qc7 Kg8 42. Qd8+ Kf7 43. Qd7+ Kf6 44. Qd8+ Kf5 45. Qd6 Ke4 46.
Qc6+ Kd3 47. Qf3+ Kc2 48. Qe4+ Kb2 49. Qd4 Ka2 0-1

[Event "Memorial Nicola Palladino A"]
[Site "Milano ITA"]
[Date "2013.03.28"]
[Round "1"]
[White "Miracola, Massimiliano"]
[Black "Virzi, Ettore"]
[WhiteElo "2143"]
[BlackElo "1972"]
[Result "1/2-1/2"]
[PlyCount "80"]
[EventDate "2013.03.28"]

1. Nf3 Nf6 2. g3 g6 3. c4 Bg7 4. Bg2 O-O 5. O-O d5 6. cxd5 Nxd5 7. Nc3 Nc6 8.
Nxd5 Qxd5 9. d3 e5 10. Be3 Bd7 11. a3 Rac8 12. Qc2 Rfe8 13. Rac1 Qe6 14. Ng5
Qe7 15. Bd5 Nd8 16. Ne4 c6 17. Ba2 b6 18. b4 Be6 19. Bxe6 Nxe6 20. Qa4 f5 21.
Nc3 Nd4 22. Rfe1 Red8 23. Nb1 c5 24. Bxd4 cxd4 25. Rc6 Rxc6 26. Qxc6 Qd6 27.
Rc1 Qxc6 28. Rxc6 Rd7 29. Nd2 Kf7 30. Kf1 Ke7 31. Nc4 Kd8 32. b5 Rc7 33. Rxc7
Kxc7 34. Nd2 Kd6 35. Nb3 Kd5 36. Kg2 e4 37. h3 Bf8 38. a4 Bb4 39. g4 Bd6 40.
gxf5 gxf5 1/2-1/2

[Event "Memorial Nicola Palladino A"]
[Site "Milano ITA"]
[Date "2013.03.28"]
[Round "1"]
[White "Nepi, Ezio"]
[Black "Mariano, Elia"]
[WhiteElo "1977"]
[BlackElo "2156"]
[Result "0-1"]
[PlyCount "188"]
[EventDate "2013.03.28"]

1. d4 d5 2. c4 e6 3. Nf3 Nf6 4. g3 c6 5. Qc2 Nbd7 6. Bg2 Bd6 7. O-O O-O 8. Nbd2
Re8 9. b3 e5 10. cxd5 Nxd5 11. Nc4 Qe7 12. Nxd6 Qxd6 13. dxe5 Nxe5 14. Nxe5
Qxe5 15. Bb2 Qxe2 16. Qxe2 Rxe2 17. Rfe1 Rxe1+ 18. Rxe1 Be6 19. Re2 Rd8 20. f4
Nb4 21. Bc3 Rd1+ 22. Kf2 Nd3+ 23. Kf3 h5 24. Rd2 Rxd2 25. Bxd2 Nc5 26. Ke3 f6
27. Kd4 Nd7 28. Bb4 Kf7 29. Bf3 g6 30. h4 Nb6 31. Bc5 Nc8 32. Bb4 Ne7 33. Be4
Bf5 34. Bf3 Bb1 35. Kc3 Ke6 36. Kb2 Bf5 37. Bc5 Nc8 38. Bd4 a6 39. b4 Nd6 40.
a4 Be4 41. Be2 Nf5 42. Bf2 Ne7 43. Kc3 Nf5 44. Bc4+ Bd5 45. Bd3 Ne7 46. Bc5 f5
47. a5 Ng8 48. Be2 Nf6 49. Bd3 Kd7 50. Kd4 Ke6 51. Kc3 Ng4 52. Be2 Nh6 53. Kd4
Nf7 54. Bd3 Nh6 55. Be2 Ng8 56. Bd3 Nf6 57. Kc3 Ne8 58. Bd4 Ba2 59. Kb2 Kd5 60.
Be5 Bc4 61. Bc2 Nd6 62. Kc3 Nb5+ 63. Kd2 c5 64. bxc5 Kxc5 65. Ba4 Kb4 66. Bxb5
axb5 67. Bc7 Kb3 68. Be5 b4 69. Kc1 Bd3 70. Bf6 Be4 71. Bd4 Ka4 72. Bb6 Kb3 73.
Bd4 Kc4 74. Bf6 Kd3 75. Kb2 Bd5 76. Be7 b3 77. Bb4 Ke2 78. Bc3 Kf2 79. Bf6 Kxg3
80. Bg5 Kf3 81. Kc3 Ke2 82. Kb2 Kd3 83. Bf6 Kc4 84. Be7 Kb5 85. Bd8 Kb4 86. Bc7
g5 87. fxg5 Kc4 88. Kc1 Kc3 89. Be5+ Kd3 90. Kd1 f4 91. Ke1 Ke4 92. Bf6 Kf3 93.
g6 Kg2 94. Kd2 f3 0-1

[Event "Memorial Nicola Palladino A"]
[Site "Milano ITA"]
[Date "2013.03.28"]
[Round "1"]
[White "Pelizzola, Danilo"]
[Black "Dobboletta, Alex"]
[WhiteElo "2093"]
[BlackElo "1968"]
[Result "0-1"]
[PlyCount "78"]
[EventDate "2013.03.28"]

1. e4 c5 2. Nf3 d6 3. d4 cxd4 4. Nxd4 Nf6 5. Nc3 e6 6. g3 Be7 7. Bg2 O-O 8. O-O
Nc6 9. b3 a6 10. Bb2 Bd7 11. Nce2 e5 12. Nxc6 Bxc6 13. Nc3 b5 14. Nd5 Nxd5 15.
exd5 Bb7 16. f4 Bf6 17. f5 Rc8 18. Be4 Qb6+ 19. Kg2 Rc5 20. Rf2 b4 21. a3 a5
22. axb4 axb4 23. Qd3 Rfc8 24. Ra4 Qb5 25. Qd2 Bxd5 26. Bxd5 Rxd5 27. Qxb4 Qc6
28. Qe4 Rc5 29. Qxc6 R5xc6 30. c4 h6 31. Rd2 Rb6 32. Ba3 Rcc6 33. Rd3 Be7 34.
Ra8+ Bf8 35. Rd5 e4 36. Kf2 Ra6 37. Ra5 Rab6 38. c5 Rxb3 39. cxd6 Rc2+ 0-1

[Event "Memorial Nicola Palladino A"]
[Site "Milano ITA"]
[Date "2013.03.28"]
[Round "1"]
[White "Petrone, Gianmario"]
[Black "Bonazzi, Edoardo"]
[WhiteElo "1959"]
[BlackElo "2061"]
[Result "1/2-1/2"]
[PlyCount "63"]
[EventDate "2013.03.28"]

1. e4 c5 2. Nf3 e6 3. d4 cxd4 4. Nxd4 Nc6 5. Nc3 a6 6. Be3 Nge7 7. Be2 Nxd4 8.
Qxd4 b5 9. a3 Nc6 10. Qd1 Be7 11. O-O O-O 12. f4 d6 13. Bf3 Bb7 14. Ne2 Rc8 15.
Kh1 Na5 16. Bd4 Qc7 17. Bc3 Rfd8 18. Qe1 Nc6 19. Qg3 Bf8 20. Rac1 a5 21. Bf6
Ne7 22. Bc3 b4 23. axb4 axb4 24. Bxb4 Qc4 25. Ba5 Rd7 26. b3 Qa6 27. Bc3 Bxe4
28. Bxe4 Qxe2 29. Bd3 Qh5 30. Bb2 Nf5 31. Qe1 d5 32. Rf3 1/2-1/2

[Event "Memorial Nicola Palladino A"]
[Site "Milano ITA"]
[Date "2013.03.28"]
[Round "1"]
[White "Sardo, Gabriele"]
[Black "Brociner, Beniamino"]
[WhiteElo "2203"]
[BlackElo "1996"]
[Result "1-0"]
[PlyCount "73"]
[EventDate "2013.03.28"]

1. d4 Nf6 2. c4 d6 3. Nc3 Nbd7 4. e4 e5 5. Nf3 c6 6. Be2 Be7 7. O-O O-O 8. Qc2
Re8 9. Rd1 Qc7 10. Be3 Ng4 11. Bd2 d5 12. cxd5 cxd5 13. Qa4 dxe4 14. Nxe4 exd4
15. Rac1 Qb8 16. g3 Ndf6 17. Bf4 Bd7 18. Qxd4 Qd8 19. Bc7 Qc8 20. Ne5 Nxe4 21.
Nxd7 Ngf6 22. Bb5 Ng5 23. Qe3 Ng4 24. Qb3 a6 25. Bb6 axb5 26. Rxc8 Rexc8 27. f3
Nf6 28. Be3 Nxf3+ 29. Kg2 Ne1+ 30. Kf1 Nc2 31. Bf2 Ng4 32. Nb6 Nxf2 33. Nxc8
Nxd1 34. Nxe7+ Kf8 35. Nf5 Rc8 36. Qd3 Re8 37. Qxd1 1-0

[Event "Memorial Nicola Palladino A"]
[Site "Milano ITA"]
[Date "2013.03.28"]
[Round "1"]
[White "Vezzosi, Paolo"]
[Black "Motola, Jacopo"]
[WhiteElo "2290"]
[BlackElo "2032"]
[Result "1-0"]
[PlyCount "71"]
[EventDate "2013.03.28"]

1. Nf3 Nf6 2. g3 g6 3. Bg2 Bg7 4. c4 c6 5. O-O O-O 6. b3 d5 7. Bb2 Re8 8. d4
Ne4 9. Nbd2 f5 10. e3 Nd7 11. Qe2 Ndf6 12. Rfc1 Be6 13. Rc2 Nxd2 14. Nxd2 Ne4
15. cxd5 Bxd5 16. Nc4 Ng5 17. f3 Nf7 18. e4 fxe4 19. fxe4 Be6 20. Rd1 Qd7 21.
Ne3 Nd6 22. d5 cxd5 23. Bxg7 Kxg7 24. Nxd5 Bg4 25. Bf3 Bxf3 26. Qxf3 Rac8 27.
Rxc8 Qxc8 28. Qe3 Qc2 29. Re1 Qb2 30. Qxa7 Rc8 31. Ne3 Nxe4 32. Nc4 Qc2 33.
Qd4+ Nf6 34. Rxe7+ Kh6 35. Qf4+ Kh5 36. Qh4# 1-0

[Event "Memorial Nicola Palladino A"]
[Site "Milano ITA"]
[Date "2013.03.29"]
[Round "2"]
[White "Bonazzi, Edoardo"]
[Black "Cocconcelli, Lorenzo"]
[WhiteElo "2061"]
[BlackElo "2012"]
[Result "1/2-1/2"]
[PlyCount "43"]
[EventDate "2013.03.28"]

1. c4 c6 2. g3 Nf6 3. Bg2 d5 4. Nf3 Bf5 5. cxd5 cxd5 6. Qb3 Qc7 7. Nc3 e6 8. d3
Nc6 9. Bf4 Qb6 10. O-O Qxb3 11. axb3 h6 12. Nb5 Kd7 13. Rfc1 Ne8 14. e4 Bh7 15.
Ne5+ Nxe5 16. Bxe5 dxe4 17. dxe4 Be7 18. Rc4 Bf6 19. Bxf6 gxf6 20. Rd1+ Ke7 21.
Nc7 Nd6 22. Nxa8 1/2-1/2

[Event "Memorial Nicola Palladino A"]
[Site "Milano ITA"]
[Date "2013.03.29"]
[Round "2"]
[White "Brociner, Beniamino"]
[Black "Guidi, Paolo"]
[WhiteElo "1996"]
[BlackElo "1900"]
[Result "1/2-1/2"]
[PlyCount "126"]
[EventDate "2013.03.28"]

1. Nf3 d6 2. d4 Nf6 3. g3 g6 4. Bg2 Bg7 5. O-O O-O 6. c4 Nbd7 7. Nc3 e5 8. h3
h6 9. e4 Qe7 10. b3 a6 11. Re1 c6 12. Ba3 Ne8 13. Rc1 f6 14. c5 dxc5 15. dxc5
Rb8 16. b4 b5 17. cxb6 Nxb6 18. Na4 Bd7 19. Nc5 Bc8 20. Qb3+ Qf7 21. Qxf7+ Rxf7
22. Nb3 Rc7 23. Na5 Bd7 24. Bf1 Bf8 25. Nd2 Na4 26. Bxa6 Bxb4 27. Bxb4 Rxb4 28.
Bc4+ Kf8 29. Bb3 Nd6 30. a3 Rd4 31. Nf3 Rd3 32. Nxe5 fxe5 33. Bxa4 Rxa3 34. Nc4
Rxa4 35. Nxd6 Be6 36. Kg2 Ke7 37. Nb5 Rb7 38. Nc3 Rc4 39. Rb1 Rxb1 40. Nxb1 Rc2
41. Rd1 c5 42. Nd2 Bd7 43. Nf1 Bc6 44. Kf3 Rc4 45. Re1 Rd4 46. g4 c4 47. Ng3 c3
48. Rc1 Rd3+ 49. Ke2 Bb5 50. Ke1 Kd6 51. Ne2 Rxh3 52. Nxc3 Rh1+ 53. Kd2 Rxc1
54. Kxc1 Bf1 55. Kd2 Kc5 56. Ke3 h5 57. gxh5 gxh5 58. Nd5 h4 59. Nf6 h3 60. Ng4
Kd6 61. Nh2 Bg2 62. f4 exf4+ 63. Kxf4 Bxe4 1/2-1/2

[Event "Memorial Nicola Palladino A"]
[Site "Milano ITA"]
[Date "2013.03.29"]
[Round "2"]
[White "Cazzaniga, Walter"]
[Black "Bozzali, Ermanno"]
[WhiteElo "2139"]
[BlackElo "2041"]
[Result "1/2-1/2"]
[PlyCount "93"]
[EventDate "2013.03.28"]

1. d4 Nf6 2. c4 e6 3. Nf3 Bb4+ 4. Bd2 Qe7 5. g3 Nc6 6. Bg2 Bxd2+ 7. Nbxd2 d6 8.
e4 e5 9. d5 Nb8 10. b4 O-O 11. O-O a5 12. a3 Na6 13. Qb3 Bg4 14. Rfc1 c5 15.
bxa5 Rfb8 16. Rcb1 Bd7 17. Qc3 Ba4 18. Ne1 Ra7 19. Nd3 Rba8 20. h3 Qc7 21. f4
Nd7 22. fxe5 Nxe5 23. Nxe5 dxe5 24. Rb6 f6 25. Rab1 Bd7 26. Nf1 Nb8 27. Ne3 Bc8
28. d6 Qd8 29. Nd5 Nc6 30. Nc7 Qxd6 31. Nxa8 Rxa8 32. a6 bxa6 33. Kh2 Qc7 34.
Qd2 Nd4 35. a4 Qd7 36. Qa5 Qc7 37. Qe1 a5 38. Qd2 Bd7 39. Qb2 Bxa4 40. Rb7 Qd6
41. Rb8+ Rxb8 42. Qxb8+ Qxb8 43. Rxb8+ Kf7 44. Rb7+ Kg6 45. Ra7 Bb3 46. Rxa5
Bxc4 47. Rxc5 1/2-1/2

[Event "Memorial Nicola Palladino A"]
[Site "Milano ITA"]
[Date "2013.03.29"]
[Round "2"]
[White "Dobboletta, Alex"]
[Black "Miracola, Massimiliano"]
[WhiteElo "1968"]
[BlackElo "2143"]
[Result "0-1"]
[PlyCount "60"]
[EventDate "2013.03.28"]

1. e4 c5 2. Nf3 d6 3. d4 cxd4 4. Nxd4 Nf6 5. Nc3 Nc6 6. Bg5 Bd7 7. Qd2 h6 8.
Bh4 g5 9. Bg3 Bg7 10. Nxc6 Bxc6 11. f3 Qa5 12. O-O-O b5 13. Bxd6 b4 14. Bxe7
bxc3 15. Qd6 Qb6 16. b3 Nd7 17. Rd3 Bb5 18. Rd5 Qxd6 19. Bxd6 Bxf1 20. Rxf1 Nb6
21. Rc5 Nc8 22. e5 Nxd6 23. exd6 Kd7 24. Rd1 Rhc8 25. Rf5 Ke6 26. Rb5 Rc6 27.
Rb7 Rxd6 28. Rxd6+ Kxd6 29. Rxf7 Bd4 30. Rh7 Re8 0-1

[Event "Memorial Nicola Palladino A"]
[Site "Milano ITA"]
[Date "2013.03.29"]
[Round "2"]
[White "Faraoni, Enrico"]
[Black "Petrone, Gianmario"]
[WhiteElo "2057"]
[BlackElo "1959"]
[Result "1-0"]
[PlyCount "59"]
[EventDate "2013.03.28"]

1. e4 c5 2. b3 d6 3. Bb2 e6 4. Nf3 Nf6 5. Bb5+ Bd7 6. Bxd7+ Nbxd7 7. Qe2 Be7 8.
g4 Nxg4 9. Rg1 Bf6 10. d4 cxd4 11. Rxg4 d3 12. cxd3 Qa5+ 13. Kf1 Qh5 14. Rg3
Bxb2 15. Qxb2 Ne5 16. Nxe5 dxe5 17. Nd2 Qxh2 18. Nf3 Qh6 19. Qxe5 O-O 20. Kg2
f5 21. Rh1 Qf6 22. Qxf6 Rxf6 23. e5 Rg6 24. Rxg6 hxg6 25. Ng5 Rd8 26. Rh3 Rd5
27. f4 Ra5 28. a4 Ra6 29. d4 Rc6 30. Rd3 1-0

[Event "Memorial Nicola Palladino A"]
[Site "Milano ITA"]
[Date "2013.03.29"]
[Round "2"]
[White "Gagliardi, Christian"]
[Black "Virzi, Ettore"]
[WhiteElo "2206"]
[BlackElo "1972"]
[Result "1-0"]
[PlyCount "51"]
[EventDate "2013.03.28"]

1. e4 e5 2. Nf3 Nc6 3. Bc4 Nf6 4. d3 Bc5 5. c3 a6 6. Bb3 Ba7 7. h3 d6 8. Nbd2
O-O 9. Nf1 Be6 10. Bc2 h6 11. g4 d5 12. Qe2 dxe4 13. dxe4 Nd7 14. Ne3 Ne7 15.
Nf5 Ng6 16. h4 Re8 17. h5 Ngf8 18. Bd2 f6 19. O-O-O Nh7 20. N3h4 Bc5 21. Bb3 b5
22. Ng6 Qc8 23. Kb1 Ndf8 24. Be3 Bd6 25. Rxd6 cxd6 26. Nfe7+ 1-0

[Event "Memorial Nicola Palladino A"]
[Site "Milano ITA"]
[Date "2013.03.29"]
[Round "2"]
[White "Galli, Fabio"]
[Black "Vezzosi, Paolo"]
[WhiteElo "2051"]
[BlackElo "2290"]
[Result "0-1"]
[PlyCount "64"]
[EventDate "2013.03.28"]

1. c4 e5 2. g3 Nf6 3. Bg2 Nc6 4. d3 g6 5. Nc3 Bg7 6. e3 d6 7. Nge2 O-O 8. O-O
Be6 9. Nd5 Qd7 10. Nxf6+ Bxf6 11. Nc3 Bg7 12. Rb1 Nd8 13. Bd2 f5 14. Bd5 c6 15.
Bxe6+ Nxe6 16. Ne2 d5 17. Bc3 Rfd8 18. Qc2 c5 19. f4 d4 20. exd4 cxd4 21. Bb4
e4 22. Rbd1 e3 23. b3 a5 24. Ba3 Bf8 25. Bxf8 Rxf8 26. Nc1 Qe7 27. Qg2 a4 28.
Ne2 axb3 29. axb3 Ra2 30. Rfe1 Rfa8 31. Qf3 R8a5 32. b4 Qxb4 0-1

[Event "Memorial Nicola Palladino A"]
[Site "Milano ITA"]
[Date "2013.03.29"]
[Round "2"]
[White "Gemelli, Giovanni"]
[Black "Nepi, Ezio"]
[WhiteElo "1882"]
[BlackElo "1977"]
[Result "0-1"]
[PlyCount "76"]
[EventDate "2013.03.28"]

1. e4 c5 2. Nf3 d6 3. d4 cxd4 4. Nxd4 Nf6 5. Nc3 Nc6 6. Bc4 e5 7. Nf3 h6 8. O-O
Be6 9. Bb3 Be7 10. Re1 O-O 11. Nd5 Bxd5 12. Bxd5 Nxd5 13. Qxd5 Rc8 14. c3 Na5
15. Be3 b6 16. Nd2 Qc7 17. Rad1 Rfd8 18. Kh1 Qc6 19. Nf1 a6 20. Bc1 b5 21. Ne3
Nc4 22. Nf5 Bf8 23. Qd3 Nb6 24. Qg3 Kh7 25. Qf3 Qc4 26. a3 Qe6 27. Ne3 Rc5 28.
Rd3 d5 29. Red1 d4 30. cxd4 Rxd4 31. Rxd4 exd4 32. Nf5 Qc4 33. Bd2 Rc7 34. Ba5
Rc6 35. e5 Na4 36. Nxd4 Nxb2 37. Rg1 Rg6 38. Nf5 Nd3 0-1

[Event "Memorial Nicola Palladino A"]
[Site "Milano ITA"]
[Date "2013.03.29"]
[Round "2"]
[White "Marchini, Daniele"]
[Black "Sardo, Gabriele"]
[WhiteElo "1873"]
[BlackElo "2203"]
[Result "0-1"]
[PlyCount "50"]
[EventDate "2013.03.28"]

1. d4 d5 2. c4 c6 3. Nc3 Nf6 4. e3 e6 5. Nf3 Nbd7 6. Qc2 Bd6 7. Bd3 O-O 8. O-O
dxc4 9. Bxc4 Qe7 10. Rd1 e5 11. e4 exd4 12. Nxd4 Ne5 13. Bb3 Ng6 14. g3 Bc5 15.
Bg5 h6 16. Bxf6 Qxf6 17. Nce2 Bb6 18. f4 Rd8 19. e5 Nxe5 20. fxe5 Qxe5 21. Kg2
Bxd4 22. Nxd4 Rxd4 23. Rxd4 Qxd4 24. Rd1 Qf6 25. Rf1 Bh3+ 0-1

[Event "Memorial Nicola Palladino A"]
[Site "Milano ITA"]
[Date "2013.03.29"]
[Round "2"]
[White "Mariano, Elia"]
[Black "Bemporad, Filippo"]
[WhiteElo "2156"]
[BlackElo "2055"]
[Result "1/2-1/2"]
[PlyCount "108"]
[EventDate "2013.03.28"]

1. d4 d5 2. Nc3 Nf6 3. Bg5 Bf5 4. f3 Nbd7 5. Nxd5 Nxd5 6. e4 Be6 7. exd5 Bxd5
8. Nh3 Be6 9. Nf4 Bf5 10. g4 h6 11. gxf5 hxg5 12. Ng2 c6 13. Qd2 Qc7 14. Qxg5
Qa5+ 15. c3 g6 16. b4 Qxf5 17. Qxf5 gxf5 18. Bd3 e6 19. Kf2 Nf6 20. h4 Nd5 21.
Rac1 a5 22. b5 c5 23. Rhe1 Be7 24. Bc4 Nb6 25. Be2 Rd8 26. Red1 Nd5 27. c4 Nb6
28. dxc5 Bxc5+ 29. Kf1 Rc8 30. f4 Ke7 31. h5 Nd7 32. Bf3 b6 33. Ke2 Nf6 34. Rh1
Rh6 35. Rh3 Rch8 36. Rch1 Bd6 37. Rh4 Rc8 38. Rc1 Ba3 39. Rc3 Bb4 40. Rc1 Rd8
41. Rd1 Rc8 42. Rc1 Ne8 43. Bc6 Nf6 44. Bf3 Rch8 45. Rch1 Kd6 46. R4h3 Bc5 47.
Ne1 Ng4 48. Nd3 Bd4 49. Rh4 Kc7 50. a4 Rc8 51. Rc1 Nf6 52. Rh3 Nd7 53. Bc6 Nf6
54. Bf3 Nd7 1/2-1/2

[Event "Memorial Nicola Palladino A"]
[Site "Milano ITA"]
[Date "2013.03.29"]
[Round "2"]
[White "Mondal, Prince"]
[Black "Pelizzola, Danilo"]
[WhiteElo "1934"]
[BlackElo "2093"]
[Result "0-1"]
[PlyCount "55"]
[EventDate "2013.03.28"]

1. e4 e5 2. Nf3 Nc6 3. Bb5 a6 4. Ba4 Nf6 5. d3 d6 6. c3 Be7 7. O-O O-O 8. Re1
Bg4 9. Nbd2 b5 10. Bc2 Re8 11. h3 Bh5 12. Nf1 Bf8 13. Ng3 Bg6 14. a4 b4 15. d4
bxc3 16. bxc3 exd4 17. Nxd4 Nxd4 18. cxd4 c5 19. f4 h6 20. e5 Bxc2 21. Qxc2
cxd4 22. Bb2 dxe5 23. fxe5 Nd7 24. Bxd4 Nxe5 25. Rad1 Qg5 26. Ne4 Nf3+ 27. Kh1
Nxe1 28. Rxe1 0-1

[Event "Memorial Nicola Palladino A"]
[Site "Milano ITA"]
[Date "2013.03.29"]
[Round "2"]
[White "Motola, Jacopo"]
[Black "Baltzopoulos, Giorgos"]
[WhiteElo "2032"]
[BlackElo "1969"]
[Result "1-0"]
[PlyCount "93"]
[EventDate "2013.03.28"]

1. e4 c5 2. Nf3 d6 3. d4 cxd4 4. Qxd4 Bd7 5. c4 Nc6 6. Qd2 Nf6 7. Nc3 e6 8. b3
Ne5 9. Nd4 Be7 10. Be2 O-O 11. O-O Qb8 12. Ba3 Rd8 13. Rfd1 a6 14. f4 Ng6 15.
Kh1 b5 16. cxb5 axb5 17. Bb4 e5 18. fxe5 Nxe5 19. Nf5 Bxf5 20. exf5 Neg4 21.
Qf4 h5 22. h3 Ne5 23. Nd5 Nxd5 24. Rxd5 Rc8 25. Bxh5 Rc2 26. Qe4 Nc6 27. Qxc2
Nxb4 28. Qd2 Bf6 29. Re1 Nxa2 30. Qe3 Nc3 31. Rd3 b4 32. Bf3 d5 33. Bxd5 Nxd5
34. Rxd5 Qb7 35. Red1 Qc7 36. Qf3 Re8 37. Qd3 Qb6 38. Qc4 Re3 39. Rd7 Re7 40.
Rxe7 Bxe7 41. Qe4 Qc7 42. Re1 Bd6 43. Ra1 Qc3 44. Ra8+ Bf8 45. Qb1 Qe5 46. Qd1
Qxf5 47. Rxf8+ 1-0

[Event "Memorial Nicola Palladino A"]
[Site "Milano ITA"]
[Date "2013.03.30"]
[Round "3"]
[White "Baltzopoulos, Giorgos"]
[Black "Mondal, Prince"]
[WhiteElo "1969"]
[BlackElo "1934"]
[Result "1-0"]
[PlyCount "83"]
[EventDate "2013.03.28"]

1. d4 Nf6 2. c4 e6 3. Nc3 c5 4. d5 exd5 5. cxd5 d6 6. Nf3 g6 7. Nd2 Bg7 8. e4
O-O 9. Be2 Re8 10. O-O Nbd7 11. f4 a6 12. a4 Rb8 13. Qc2 Nf8 14. h3 Qe7 15. a5
Bd7 16. Bf3 Bb5 17. Re1 b6 18. Nxb5 axb5 19. a6 Nxd5 20. Qb3 Nb4 21. e5 Qa7 22.
Ne4 Rbd8 23. Rd1 dxe5 24. Nd6 Re7 25. Nxb5 Rxd1+ 26. Qxd1 Qxa6 27. Rxa6 Nxa6
28. Qd8 Rd7 29. Qxb6 e4 30. Be2 Nb4 31. Qxc5 Nd3 32. Qc2 Rd5 33. Nc3 Bd4+ 34.
Kh2 Rc5 35. Bxd3 exd3 36. Qxd3 Ne6 37. Be3 Bxe3 38. Qxe3 Rf5 39. Ne2 Rb5 40.
Nd4 Rxb2 41. Nxe6 fxe6 42. Qxe6+ 1-0

[Event "Memorial Nicola Palladino A"]
[Site "Milano ITA"]
[Date "2013.03.30"]
[Round "3"]
[White "Bemporad, Filippo"]
[Black "Gagliardi, Christian"]
[WhiteElo "2055"]
[BlackElo "2206"]
[Result "1/2-1/2"]
[PlyCount "106"]
[EventDate "2013.03.28"]

1. d4 c5 2. e3 Nf6 3. Nf3 e6 4. Bd3 Nc6 5. O-O a6 6. c3 d5 7. Nbd2 Qc7 8. e4
cxd4 9. cxd4 Nb4 10. Bb1 dxe4 11. Nxe4 Be7 12. Bg5 Nbd5 13. Nxf6+ Bxf6 14. Bxf6
Nxf6 15. Bd3 O-O 16. Rc1 Qb6 17. Qe2 Rd8 18. Rfd1 Bd7 19. Ne5 Ba4 20. b3 Be8
21. Qe3 Rac8 22. Rxc8 Rxc8 23. h3 Rd8 24. Qf4 Qd6 25. Qh4 h6 26. Nc4 Qe7 27.
Ne3 Kf8 28. Nc4 b5 29. Ne5 Qb4 30. Bb1 Rd5 31. Qf4 Rd8 32. Qh4 Qe7 33. Bd3 Nd5
34. Qe4 g6 35. Qf3 Kg7 36. Be4 f6 37. Bxd5 Rxd5 38. Ng4 Rd6 39. Qc3 Bc6 40. Qc1
g5 41. Ne3 Qd7 42. Qc5 Be4 43. a4 bxa4 44. bxa4 Rc6 45. Qb4 Qc7 46. f3 Bd5 47.
Nxd5 exd5 48. Re1 Rc1 49. Rxc1 Qxc1+ 50. Kf2 Kg6 51. a5 h5 52. Qc5 Qd2+ 53. Kf1
h4 1/2-1/2

[Event "Memorial Nicola Palladino A"]
[Site "Milano ITA"]
[Date "2013.03.30"]
[Round "3"]
[White "Bozzali, Ermanno"]
[Black "Mariano, Elia"]
[WhiteElo "2041"]
[BlackElo "2156"]
[Result "1/2-1/2"]
[PlyCount "47"]
[EventDate "2013.03.28"]

1. d4 e6 2. Nf3 Nf6 3. g3 b6 4. Bg2 Bb7 5. c4 Bb4+ 6. Bd2 Qe7 7. O-O O-O 8. Qb3
Bxd2 9. Nbxd2 c5 10. Rfd1 Nc6 11. Nf1 Rac8 12. Rac1 cxd4 13. Nxd4 Nxd4 14. Rxd4
Bxg2 15. Kxg2 d5 16. Rcd1 dxc4 17. Rxc4 Qb7+ 18. f3 Rxc4 19. Qxc4 Rc8 20. Qd4
h6 21. Rd2 Qc6 22. Ne3 Qc1 23. Rd1 Qc7 24. Rd2 1/2-1/2